000 00598nam a2200181Ia 4500
003 LK-CoDNM
008 010623t1983 xxu||||| |||| 00| 1 sin d
040 _aLK-CoDNM
_dLK-CoDNM
_eLK-CoDNM
041 _asin
080 _a37
_bSRI
245 _aවිද්‍යාත්මක කර්මය - මූලික ගුරු අධ්‍යාපන පාඨ මාලාව
246 _aViddyathmaka kramaya : Muulika guru adhhyapana paatamalawa
260 _bSri Lanka adhhyapana amathyanshaya
_c1983
300 _b24, 28 cm
650 _aEducation
650 _aObjectives
942 _cBK
999 _c112318
_d112318